000 00699nam a2200229 i 4500
001 bg
100 1 _aPILKEY, Walter D.
245 1 0 _aPeterson's stress concentration factors /
_cWalter D. Pilkey.
260 _aNew York [et. al.] :
_bJohn Wiley & Sons,
_c1997.
300 _aXXXII, 508 s. :
_bfot., rys., wykr. ;
_c26 cm.
504 _aBibliogr. przy rozdz. - Indeks.
650 9 _aNaprężenia i odkształcenia
_xteoria
650 9 _aMaszyny
_xbudowa i konstrukcje
_xteoria
650 9 _aKonstrukcje
_xbadanie
020 _a0471538493
040 _cBPK
041 0 _aen
080 _a621.01:539.3/.6
920 _a0-471-53849-3
942 _cKS
008 s pl f |000 0 pol
999 _c32253
_d32253